| 000 | 00759nam a22002897a 4500 | ||
|---|---|---|---|
| 001 | 0004571 | ||
| 003 | KOHA_MİRAKIL | ||
| 005 | 20260207001418.0 | ||
| 007 | ta | ||
| 008 | 090508b2004 tu |||gr||||#||||0|tur | | ||
| 020 | _a9756325038 | ||
| 040 |
_aTR-BiSEU _btur _cTR-BiSEU _erda |
||
| 041 | 0 | _atur | |
| 044 | _ctu | ||
| 050 |
_aJA71 _b.Y39 2004 |
||
| 100 | 1 | _aYayla, Atilla. | |
| 245 | 1 |
_aSiyaset teorisine giriş/ _cAtilla Yayla ; Atilla Yayla. |
|
| 250 | _a4. bs. | ||
| 264 | 1 |
_aAnkara : _bSiyasal _c2004 |
|
| 300 | _a229 sayfa | ||
| 336 |
_ametin _btxt _2rdacontent |
||
| 337 |
_aaracısız _bn _2rdamedia |
||
| 338 |
_acilt _bnc _2rdacarrier |
||
| 650 | 0 |
_aSiyasi bilimler. _911274 |
|
| 650 | 0 |
_aPolitical science. _98744 |
|
| 942 |
_2lcc _cBK |
||
| 999 |
_c4553 _d4553 |
||